LEADER 02082nam a2200373 u 4500 001 000000006259 003 CaOOAMICUS 005 20070226104844.0 008 940514s1990 be u000 u eng u 020 $a9061864232 (Leuven University Press) 020 $a9068313061 (Uitgeverij Peeters) 035 $a10160482 040 $aPUL$bita 041 0 $aeng$afre$ager 111 2 $aCongresso internazionale per lo studio dell'Antico Testamento$n(13 :$d1989 :$cLovanio).$0(OLS)http://pul/name/79655 245 10$aPentateuchal and Deuteronomistic studies :$bpapers read at the XIIIth IOSOT Congress, Leuven, 1989 /$cedited by C. Brekelmans and J. Lust. 260 $aLeuven :$bLeuven University Press :$bUitgeverij Peeters,$c1990. 300 $a307 p. ;$c25 cm 490 1 $aBibliotheca Ephemeridum theologicarum Lovaniensium ;$v96 500 $aComprende indicazioni bibliografiche. 630 04$aBiblia.$pV.T.$pPentateuchus$xCritica testuale$xCongressi.$0(OLS)http://pul/subject/5675 630 04$aBiblia.$pV.T.$pDeuteronomium$xCritica testuale$xCongressi.$0(OLS)http://pul/subject/5676 700 1 $aLust, Johan.$0(OLS)http://pul/name/1503 700 1 $aBrekelmans, Christianus Henricus Wilhelmus,$cM.S.F.,$d1922-1997.$0(OLS)http://pul/name/6397 710 2 $aInternational Organization for the Study of the Old Testament.$0(OLS)http://pul/name/6398 830 0$aBibliotheca Ephemeridum theologicarum Lovaniensium ;$v96.$0(OLS)http://pul/title/1445 850 $aPUL 852 $aPUL$W1$xSL Religione 1$y3$m17 A 94$j8892$nBK-PRI$b $qStampati$B8892$CPULBib$Z2$F8892 $H $81 941 1 $a8 961 $aINV: 87700 996 $6020$a9061864232 (Leuven University Press)$9(OLS)http://pul/number/8091 996 $6020$a9068313061 (Uitgeverij Peeters)$9(OLS)http://pul/number/8092 996 $6245$aPentateuchal and Deuteronomistic studies :$bpapers read at the XIIIth IOSOT Congress, Leuven, 1989$9(OLS)http://pul/title/9225 996 $6260$aLeuven :$bLeuven University Press :$bUitgeverij Peeters$9(OLS)http://pul/publisher/49250 LEADER 01288nam a2200277 u 4500 001 000000091091 003 CaOOAMICUS 005 20070226124807.0 008 060213s2005 gw u000 u ger u 020 $a3-451-28535-5 035 $a11077175 040 $aPUL$bita 100 1 $aHa, Kyung-Taek.$0(OLS)http://pul/name/58878 245 10$aFrage und Antwort :$bStudien zu Hiob 3 im Kontext des Hiobbuches /$cKyung-Taek Ha. 260 $aFreiburg im Breisgau ; Basel ; Wien ; Barcelona ; Roma ; New York :$bHerder,$c2005. 300 $ax, 235 p. ;$c25 cm 490 1 $aHerders biblische Studien ;$v46. 504 $aInclude indice e riferimenti bibliografici. 630 04$aBiblia.$pV.T.$pIob.$0(OLS)http://pul/subject/17240 830 0$aHerders biblische Studien ;$v46.$0(OLS)http://pul/title/108919 850 $aPUL 852 $aPUL$W1$xSL Religione 3$y85$m223 HaKyu 1$j114817$nBK-PRI$b $qDDC 21$B114817$CPULBib$Z2$F114817 $HPUL100252 $81 941 1 $a9 996 $6020$a3-451-28535-5$9(OLS)http://pul/number/119418 996 $6245$aFrage und Antwort :$bStudien zu Hiob 3 im Kontext des Hiobbuches$9(OLS)http://pul/title/117617 996 $6260$aFreiburg im Breisgau ; Basel ; Wien ; Barcelona ; Roma ; New York :$bHerder$9(OLS)http://pul/publisher/78700